Mění eurozóna v tichosti podmínky pro přijetí eura?

Vývoj v oblasti budúceho rozširovania eurozóny. Bulharsko predstavilo svoj zámer podať prihlášku do Európskeho mechanizmu výmenných kurzov, tzv. ERM II. Tento krok vyvolal podnet na diskusie. Nový prístup uplatnenia pre Bulharsko predstavuje zásadnú zmenu oproti doterajšiemu prístupu pre vstup novýc...

Descrizione completa

Salvato in:
Dettagli Bibliografici
Autore principale: Vojta, Martin
Altri autori: Mora, Marek
Natura: Capitolo di libro
Lingua:ceco
Soggetti:
Tags: Aggiungi Tag
Nessun Tag, puoi essere il primo ad aggiungerne!!

MARC

LEADER 00000naa a2200000 4500
001 0261712
005 20221104110514.4
041 0 |a cze 
044 |a CZ 
245 1 0 |a Mění eurozóna v tichosti podmínky pro přijetí eura?  |c Martin Vojta, Marek Mora 
520 |a Vývoj v oblasti budúceho rozširovania eurozóny. Bulharsko predstavilo svoj zámer podať prihlášku do Európskeho mechanizmu výmenných kurzov, tzv. ERM II. Tento krok vyvolal podnet na diskusie. Nový prístup uplatnenia pre Bulharsko predstavuje zásadnú zmenu oproti doterajšiemu prístupu pre vstup nových členov do ERM II. ČR pocítila obavy a ČNB následne požiadala Právne služby o stanovisko k danej problematike. Závery a posúdenie argumentácie. 
610 2 0 |a eurozóna 
610 2 0 |a kurz výmenný 
610 2 0 |a Bulharsko 
610 2 0 |a Česko 
610 2 0 |a právo 
610 2 0 |a únie bankové 
610 2 0 |a Chorvátsko 
100 1 |a Vojta, Martin 
700 1 |a Mora, Marek